Návrh využitia analytického hierarchického procesu v rizikovom strategickom manažmente priemyselných podnikov : dizertačná práca

Enregistré dans:
Détails bibliographiques
Auteur principal: Naňo, Tomáš, 1986- (Auteur)
Autres auteurs: Sakál, Peter, 1951- (Directeur de thèse)
Format: Manuscrit Livre
Langue:slovaque
Publié: Trnava : STU v Bratislave MTF UPMK, 2013
Sujets:
Accès en ligne:VAIS
Tags: Ajouter un tag
Pas de tags, Soyez le premier à ajouter un tag!

MARC

LEADER 00000ntm a22000003a 4500
001 stu273861
005 20150617230236.0
008 130905s2013----xo------------------slo-d
040 |a STU  |b slo 
041 0 |a slo 
044 |a xo 
100 1 |a Naňo, Tomáš,  |d 1986-  |4 aut  |u M4000  |U MTF Materiálovotechnologická fakulta  |T MTF Ústav priemyselného inžinierstva a manažmentu  |X 24654  |U M4000  |Y 84  |7 A000024654 
242 0 0 |a Suggestion for using the Analytic Hierarchy Process in the strategic risk management of the industrial companies  |y eng 
245 1 |a Návrh využitia analytického hierarchického procesu v rizikovom strategickom manažmente priemyselných podnikov :  |b dizertačná práca 
260 |a Trnava :  |b STU v Bratislave MTF UPMK,  |c 2013 
300 |a 175 s  |c príl 
500 |a Študijný program: priemyselné manažérstvo 
500 |a Číslo študijného odboru: 2645 
500 |a Názov študijného odboru: 5.2.52 priemyselné inžinierstvo 
650 7 |a priemyselné manažérstvo  |2 stusub 
650 7 |a Industrial Management  |2 estusub 
650 7 |a sustainable development  |2 estusub 
650 7 |a corporate social responsibility  |2 estusub 
650 7 |a udržateľný rozvoj  |2 stusub 
650 7 |a rizikový manažment  |2 stusub 
650 7 |a spoločensky zodpovedné podnikanie  |2 stusub 
700 1 |a Sakál, Peter,  |d 1951-  |4 ths  |u M4000  |U MTF Materiálovotechnologická fakulta  |T MTF Ústav priemyselného inžinierstva a manažmentu  |X 325  |U M4000  |Y 84  |7 A000000325 
856 4 |a info a plný text  |u http://is.stuba.sk/zp/portal_zp.pl?podrobnosti=102931  |3 VAIS 
996 |c M*DzP-394  |l MMSKP  |s P  |a 0  |w stu273861_0001